| 000 | 00369nam a2200109Ia 4500 | ||
|---|---|---|---|
| 008 | 171211s9999 xx 000 0 und d | ||
| 245 | _aArchaeology of Ancient Mexico and Central America: An Encyclopedia | ||
| 245 | _cDavid Webster and Susan Toby Evans | ||
| 260 | _c2000 | ||
| 650 | _xEncyclopedia and Dictionary | ||
| 856 | _uhttp://down.ebook777.com/058/0415873991.pdf | ||
| 999 |
_c350154 _d350154 |
||